Preparation and storage behaviour of low protein NR latex by papain treatment and production of low protein gloves (Record no. 65575)

MARC details
000 -LEADER
fixed length control field 00569nam a2200169Ia 4500
100 ## - MAIN ENTRY--AUTHOR NAME
Personal name George K M
245 #0 - TITLE STATEMENT
Title Preparation and storage behaviour of low protein NR latex by papain treatment and production of low protein gloves
260 ## - PUBLICATION, DISTRIBUTION, ETC. (IMPRINT)
Name of publisher Proceedings of the Asia Rub Tech Expo, 23-25 November 2006, Indian Rubber Institute, Kochi. pp.103.
650 ## - SUBJECT ADDED ENTRY--TOPICAL TERM
Topical Term Low protein gloves
650 ## - SUBJECT ADDED ENTRY--TOPICAL TERM
Topical Term NR latex
700 ## - ADDED ENTRY--PERSONAL NAME
Personal name Joseph S
700 ## - ADDED ENTRY--PERSONAL NAME
Personal name Mathew N M
700 ## - ADDED ENTRY--PERSONAL NAME
Personal name Rajammal G
700 ## - ADDED ENTRY--PERSONAL NAME
Personal name Varghese T C
942 ## - ADDED ENTRY ELEMENTS (KOHA)
Koha item type Journals
Holdings
Withdrawn status Lost status Damaged status Not for loan Home library Current library Shelving location Date acquired Koha item type
      Journals RRII Library RRII Library Rubber chemistry 21/09/2006 Journals